| Tag |
First Indicator |
Second Indicator |
Subfields |
| LEADER |
00000cam a2200000 4500 |
| 001 |
in00000021516 |
| 005 |
20151007063626.0 |
| 008 |
740215s1883 nyu 00001 eng u |
| 010 |
|
|
|a 01002476
|
| 035 |
|
|
|a (OCoLC)00803925
|
| 035 |
|
|
|9 AAD7844AM
|
| 040 |
|
|
|c WOO
|d TXA
|d UtOrBLW
|
| 049 |
|
|
|a TXAM
|c [417326]
|
| 050 |
0 |
0 |
|a PS3087
|b .H6 1883
|
| 092 |
|
|
|a 813
|b T727h
|
| 100 |
1 |
|
|a Tourgée, Albion W.,
|d 1838-1905.
|
| 245 |
1 |
0 |
|a Hot plowshares /
|c A novel by Albion W. Tourgee.
|
| 264 |
|
1 |
|a New York :
|b Fords, Howard, & Hulbert,
|c 1883.
|
| 300 |
|
|
|a 5 pages ., 7-610 pages :
|b frontispiece ;
|c 19 cm.
|
| 336 |
|
|
|a text
|b txt
|2 rdacontent
|
| 337 |
|
|
|a unmediated
|b n
|2 rdamedia
|
| 338 |
|
|
|a volume
|b nc
|2 rdacarrier
|
| 490 |
0 |
|
|a Tourgeee's American historical novels
|
| 999 |
|
|
|a MARS
|
| 999 |
f |
f |
|s ee450f6b-5148-3092-b275-d8f3c2c3a1f2
|i 935c35e1-0822-3e54-b6b5-52d2d264cb47
|t 0
|
| 952 |
f |
f |
|p ric
|a Texas A&M University
|b Rellis Campus
|c Joint Library Facility
|d Remote Storage
|t 0
|e PS3087 .H6 1883
|h Library of Congress classification
|i unmediated -- volume
|m A14801253158
|
| 998 |
f |
f |
|a PS3087 .H6 1883
|t 0
|l Remote Storage
|